<?xml version="1.0" encoding="UTF-8"?>
<record
    xmlns:xsi="http://www.w3.org/2001/XMLSchema-instance"
    xsi:schemaLocation="http://www.loc.gov/MARC21/slim http://www.loc.gov/standards/marcxml/schema/MARC21slim.xsd"
    xmlns="http://www.loc.gov/MARC21/slim">

  <leader>02340    a2200253   4500</leader>
  <controlfield tag="001">26108</controlfield>
  <controlfield tag="005">20260407155543.0</controlfield>
  <controlfield tag="008">260407a1997    arg                 spa d</controlfield>
  <controlfield tag="003">AR-UNSa-BCEJYS</controlfield>
  <datafield tag="040" ind1=" " ind2=" ">
    <subfield code="a">AR-UNSa-BCEJYS</subfield>
    <subfield code="b">spa</subfield>
    <subfield code="c">AR-UNSa-BCEJYS</subfield>
  </datafield>
  <datafield tag="080" ind1=" " ind2=" ">
    <subfield code="a">330.43</subfield>
    <subfield code="x">Econometr&#xED;a</subfield>
  </datafield>
  <datafield tag="245" ind1="1" ind2="0">
    <subfield code="a">Econometr&#xED;a b&#xE1;sica</subfield>
  </datafield>
  <datafield tag="020" ind1=" " ind2=" ">
    <subfield code="a">958-600-585-2</subfield>
  </datafield>
  <datafield tag="250" ind1=" " ind2=" ">
    <subfield code="a">3a. ed</subfield>
  </datafield>
  <datafield tag="264" ind1=" " ind2="1">
    <subfield code="a">Bogot&#xE1; :</subfield>
    <subfield code="b">McGraw-Hill</subfield>
    <subfield code="c">1997</subfield>
  </datafield>
  <datafield tag="300" ind1=" " ind2=" ">
    <subfield code="a">824 p.</subfield>
    <subfield code="c">23 cm.</subfield>
  </datafield>
  <datafield tag="505" ind1=" " ind2=" ">
    <subfield code="a">Parte I : Modelos de regresi&#xF3;n uniecuacionales : 1. Naturaleza del an&#xE1;lisis de regresi&#xF3;n - 2. An&#xE1;lisis de regresi&#xF3;n con dos variables : Algunas ideas b&#xE1;sicas - 3. Modelos de regrsi&#xF3;n con dos variables: Problemas de estimaci&#xF3;n - 4. Supuesto de normalidad: Modelo cl&#xE1;sico de regresi&#xF3;n lineal normal(MCRLN) - 5. Regresi&#xF3;n con dos variables: Estimaci&#xF3;n de intervalos y prueba de hip&#xF3;tesis - 6. Extensiones del modelo de regresi&#xF3;n lineal de dos variables - 7. An&#xE1;lisis de regresi&#xF3;n m&#xFA;ltiple: Problema de estimaci&#xF3;n - 8. An&#xE1;lisi de regresi&#xF3;n m&#xFA;ltiple: Problem de inferencia - 9. Enfoque matricial en el modelo de regresi&#xF3;n lineal - Parte II: Violaci&#xF3;n de los supuestos del modelo cl&#xE1;sico: 10. Multicolinealidad y muestras peque&#xF1;as - 11. Heteroscedasticidad - 12. Auto correlaci&#xF3;n - 13. Dise&#xF1;o de modelos econom&#xE9;tricos I : Metdolog&#xED;a econom&#xE9;trica tradicional - 14. Dise&#xF1;o de modelos econom&#xE9;tricos II: Metodolog&#xED;as econom&#xE9;tricas alternativas: 15. Regresi&#xF3;n con variables dic&#xF3;tomas - 16. Regresi&#xF3;n con variable dependiente dic&#xF3;toma: Los modelos MLP, Logit, Probit y Tobit - 17. Modelos econom&#xE9;tricos din&#xE1;micos: Modelos autoregrresivos y de rezagos distribuidos - Parte IV: Modelos de ecuaciones simult&#xE1;neas: 18. Modelos de ecuaciones simult&#xE1;neas - 19. El problema de la identificaci&#xF3;n - 20. M&#xE9;todos de ecuaciones simut&#xE1;neas - Parte 5: Econometr&#xED;a de series de tiempo: 21. Econometr&#xED;a de series de tiempo I: Estacionariedad, ra&#xED;ces unitarias y cointegraci&#xF3;n - 22. Econometr&#xED;a de serie de tiempo II: Pron&#xF3;sticos con los modelos ARIMA y VAR - Ap&#xE9;ndice</subfield>
  </datafield>
  <datafield tag="942" ind1=" " ind2=" ">
    <subfield code="c">BK</subfield>
  </datafield>
  <datafield tag="590" ind1=" " ind2=" ">
    <subfield code="a">niveau_biblio:m niveau_hierar:0</subfield>
  </datafield>
  <datafield tag="100" ind1="1" ind2=" ">
    <subfield code="a">Gujarati, Damodar N.</subfield>
  </datafield>
  <datafield tag="700" ind1="1" ind2=" ">
    <subfield code="a">Arango Medina, Gladys</subfield>
  </datafield>
  <datafield tag="700" ind1="1" ind2=" ">
    <subfield code="a">Misas Arango, Martha</subfield>
  </datafield>
  <datafield tag="856" ind1="4" ind2="1">
    <subfield code="u">https://biblioeco.unsa.edu.ar/pmb/images/libros/Econometr?a b?sica.jpg</subfield>
    <subfield code="y">Imagen de portada</subfield>
    <subfield code="q">image/jpeg</subfield>
  </datafield>
  <datafield tag="999" ind1=" " ind2=" ">
    <subfield code="c">1444</subfield>
    <subfield code="d">1444</subfield>
  </datafield>
  <datafield tag="952" ind1=" " ind2=" ">
    <subfield code="0">0</subfield>
    <subfield code="1">0</subfield>
    <subfield code="4">0</subfield>
    <subfield code="7">0</subfield>
    <subfield code="a">BCEJYS</subfield>
    <subfield code="b">BCEJYS</subfield>
    <subfield code="c">16</subfield>
    <subfield code="d">2026-04-07</subfield>
    <subfield code="l">0</subfield>
    <subfield code="o">330.43 G896 3ed.</subfield>
    <subfield code="p">L86676</subfield>
    <subfield code="r">2026-04-07 15:55:43</subfield>
    <subfield code="w">2026-04-07</subfield>
    <subfield code="y">L</subfield>
  </datafield>
  <datafield tag="952" ind1=" " ind2=" ">
    <subfield code="0">0</subfield>
    <subfield code="1">0</subfield>
    <subfield code="4">0</subfield>
    <subfield code="7">0</subfield>
    <subfield code="a">BCEJYS</subfield>
    <subfield code="b">BCEJYS</subfield>
    <subfield code="c">16</subfield>
    <subfield code="d">2026-04-07</subfield>
    <subfield code="l">0</subfield>
    <subfield code="o">330.43 G896 3ed.</subfield>
    <subfield code="p">L87481</subfield>
    <subfield code="r">2026-04-07 15:55:43</subfield>
    <subfield code="w">2026-04-07</subfield>
    <subfield code="y">L</subfield>
  </datafield>
  <datafield tag="952" ind1=" " ind2=" ">
    <subfield code="0">0</subfield>
    <subfield code="1">0</subfield>
    <subfield code="4">0</subfield>
    <subfield code="7">0</subfield>
    <subfield code="a">BCEJYS</subfield>
    <subfield code="b">BCEJYS</subfield>
    <subfield code="c">16</subfield>
    <subfield code="d">2026-04-07</subfield>
    <subfield code="l">0</subfield>
    <subfield code="o">330.43 G896 3ed.</subfield>
    <subfield code="p">L86677</subfield>
    <subfield code="r">2026-04-07 15:55:43</subfield>
    <subfield code="w">2026-04-07</subfield>
    <subfield code="y">L</subfield>
  </datafield>
</record>
